Normal view MARC view
  • América Latina

Entry Nombre Geográfico

Number of records used in: 41

001 - NÚMERO DE CONTROL

  • campo de control: 3988

003 - IDENTIFICADOR DE NUMERO DE CONTROL

  • campo de control: MX-MxUPN

005 - FECHA Y HORA DE LA ÜLTIMA TRANSACCIÓN

  • campo de control: 20240910152245.0

008 - DATOS DE LONGITUD FIJA

  • campo de control de longitud fija: 240910n| fcnnnbabn | ana |d

035 ## - NÚMERO DE CONTROL

  • Número de control: UPN10000003988

040 ## - FUENTE DE CATALOGACIÓN

  • Agencia de catalogación original: MX-MxUPN
  • Lenguaje de catalogación: spa
  • Agencia de transcripción: MX-MxUPN

151 ## - ENCABEZAMIENTO - NOMBRE GEOGRÁFICO

  • Nombre geográfico: América Latina
  • Subdivisión general : Política económica

670 ## - FUENTE EN LA QUE SE LOCALIZARON DATOS

  • Cita de la fuente: LC
  • Información localizada: Latin America - Economic policy

902 ## - CATALOGADOR

  • Catalogador: MEEG/041196